00340 2200133 4500001002100000005001500021035002000036007000300056008003900059100002000098245004800118260001700166520002300183INLIS00000000000042620230125065706 a0010-0123000001ta230125 | | | 0 aRustini Ningsih1 aIPS : Kehidupan Manusia Pada Masa PraAksara bSMPN 1 Babat aMateri IPS Kelas 7